Mấy vấn đề về văn hóa làng xã Việt Nam trong lịch sử

Gespeichert in:
Bibliographische Detailangaben
1. Verfasser: Phan, Đại Doãn
Format: Buch
Sprache:Undetermined
Veröffentlicht: Hà Nội Chính trị Quốc gia 2004
Tags: Tag hinzufügen
Keine Tags, Fügen Sie den ersten Tag hinzu!
Thư viện lưu trữ: Trung tâm Học liệu Trường Đại học Cần Thơ
LEADER 00540nam a2200181Ia 4500
001 CTU_111643
008 210402s9999 xx 000 0 und d
020 |c 22000 
082 |a 959.7 
082 |b D406 
100 |a Phan, Đại Doãn 
245 0 |a Mấy vấn đề về văn hóa làng xã Việt Nam trong lịch sử 
245 0 |c Phan Đại Doãn 
260 |a Hà Nội 
260 |b Chính trị Quốc gia 
260 |c 2004 
904 |i Giang 
980 |a Trung tâm Học liệu Trường Đại học Cần Thơ